| 000 | 01083nam a2200217Ia 4500 | ||
|---|---|---|---|
| 999 |
_c37910 _d37910 |
||
| 001 | 3888 | ||
| 003 | GE_BSU | ||
| 005 | 20190820165059.0 | ||
| 008 | 181216s1984||||ge |||||||||||||| ||geo|| | ||
| 040 | _cGE_BSU | ||
| 041 | _ageo | ||
| 080 | _a323.1 ყ–64 | ||
| 100 |
_aყორანაშვილი, გ. _93705 |
||
| 245 |
_aეთნიკური თვითშეგნება და ტრადიციები / _cგ.ყორანაშვილი; რედ. ნ. ნათაძე; საქ. სსრ მეცნ. აკად., სოც. და კულტ. ტრადიციათა პრობლემების სამეცნ.-საკოორდ. ცენტრი. |
||
| 264 |
_a თბ. : _bმეცნიერება, _c1984. |
||
| 300 |
_a66 გვ. ; _b20 სმ. |
||
| 490 |
_aტრადიცია და თანამედროვეობა ; _vN11 |
||
| 653 | _aეროვნული საკითხი | ||
| 700 |
_aნათაძე, ნ. _eრედაქტორი _93704 |
||
| 942 |
_cBK _2udc |
||